Štátne kúpele Dudince

Zobrazenie: Pohľad na budovu kúpeľov s nápisom: "Liečebný ústav - " z výšky, zvyšok názvu je za stromom. Pred budovou je lavička a pred ňou dve osoby, vo vchode vidno ďalšie dve osoby. V popredí vidno tri listnaté stromy a medzi nimi a budovou je prázdna ulica. Vpravo spoza budovy vytŕčajú...

Celý popis

Podrobná bibliografia
Médium: Fotografia
Jazyk:slovenčina
PhysicalDescription:1 pohľadnica čiernobiela 11 x 15 cm
Vydavateľské údaje: Martin Bratislava Osveta, n. p. PŠK 1959
Predmet:

MARC

LEADER 00000nkm a2200000 a 4500
001 vtls011916495
003 SK-MaSNL
005 20260302060542.0
007 kf bo
008 240131s1959 xo g kuslo
015 |a SNBG1959 
035 |a urn:nbn:sk:snk-km00e9wp 
035 |a urn:nbn:sk:snk-km43h9i 
035 |a 15B82711-DD3E-4E60-90D7-DEB37EA2BDEC 
040 |a SNK  |b slo  |c SNK  |e AACR2 
041 0 |a slo 
043 |a e-xo--- 
044 |a xo  |c SK 
072 7 |a 913  |x Regionálna geografia  |2 konspekt 
080 |a 913(437.6)  |2 2011 
080 |a 711.455:615.838  |2 2011 
080 |a (084.121)  |2 2011 
080 |a 721  |2 2011 
080 |a 614.2:[725.1:614.21]  |2 2011 
245 0 0 |a Štátne kúpele Dudince  |h grafika 
260 |a Martin  |b Osveta, n. p.  |a Bratislava  |b PŠK  |c 1959 
300 |a 1 pohľadnica  |b čiernobiela  |c 11 x 15 cm 
520 8 |a Zobrazenie: Pohľad na budovu kúpeľov s nápisom: "Liečebný ústav - " z výšky, zvyšok názvu je za stromom. Pred budovou je lavička a pred ňou dve osoby, vo vchode vidno ďalšie dve osoby. V popredí vidno tri listnaté stromy a medzi nimi a budovou je prázdna ulica. Vpravo spoza budovy vytŕčajú listnaté stromy. Vľavo vidno polia a lúky 
650 0 7 |a kúpele  |2 SNKPH  |9 1139 
650 0 7 |a liečebne  |2 SNKPH  |9 56920 
650 0 7 |a budovy  |2 SNKPH  |9 1283 
651 7 |a Dudince (Slovensko)  |2 SNKPHgeo  |9 28951 
655 7 |a miestne pohľadnice  |2 SNKPH  |9 70510 
852 |a Slovenská národná knižnica 
958 |a GBN 
958 |a GC 
958 |a OND 
958 |a EUIPO 
999 |c 1121721  |d 1123651 
952 |a SNK  |b SNK  |y PREZ  |7 0  |p 17A1286141  |o snkSP 71335  |0 0  |1 0  |4 0  |d 2020-02-10  |f 1  |l 0  |r 2026-02-24 18:34:07  |w 2026-02-24